000 00630nam a2200229Ia 4500
005 20260429112140.0
008 260429s9999||||xx |||||||||||||| ||und||
020 _a9781032460659
041 _aEnglish
082 _a910.2855
_bDOR
100 _aDorman, Michael
245 0 _aGeocomputation with Python /
_cMichael Dorman
250 _a1st ed.
260 _aBoca Raton :
_bCRC Press,
_c2025.
300 _axvii, 290 p.; pbk
440 _aChapman & Hall/CRC the Python series
650 _aPython, Geocomputation
700 _a :Lovelace, Robin
700 _a Graser, Anita
700 _a Nowosad, Jakub
942 _cTB
999 _c52601
_d52601